000 01124nam0a22002771 4500
001 rc\818922
005 20041129091417.5
035 _a(NLR Aleph) 006001676
090 _a7235298
_c7235298
100 _a20041129d1984 u |0rusy50 ca
101 0 _arus
102 _aRU
105 _aa |||||||||
200 1 _aНемецкий язык
_eУчеб. для 8 кл. шк. с преподаванием ряда предметов на нем. яз.
_eСедьмой год обучения
_fИ.Л. Бим, В.М. Григорьева, Л.С. Левинсон
205 _a7-е изд.
210 _aМ.
_cПросвещение
_d1984
215 _a255 с.
_cил.
_d22
300 _aПер.: нем.: Deutsch fur die 8 klasse / I.L. Bim, V.M. Grigorjewa, L.S. Levinson
700 1 _aБим
_bИ. Л.
_f1926-2011
_gИнесса Львовна
_3RU\NLR\AUTH\7785
701 1 _aГригорьева
_bВ. М.
_gВера Мартыновна
701 1 _aЛевинсон
_bЛ. С.
_gЛидия Семеновна
801 0 _aRU
_bNLR
_gpsbo
801 1 _aRU
_bELAR
_2rusmarc
852 _aNLR
_j84-5/4328
942 _cBOOK
980 _aNB